000 00673nam a2200277Ia 4500
005 20260324150212.0
008 008 260324s9999 xx 000 0 eng d
020 _a9780203785935
037 _aEBOOK
040 _aCRL
040 _beng
040 _cCRL
041 _2eng
041 _aeng
084 _qCRL
100 _aEliot Freidson; Judith Lorber
_91225605
245 0 _aMedical Professionals and the Organization of Knowledge
260 _bTaylor and Francis
260 _c1972
365 _a
365 _b230
856 _uhttp://www.taylorfrancis.com/books/9780203785935
942 _cEBOOK
999 _c1834668
_d1834668